Statistics for One Direction's Music Lyrics - MUST TRY THIS!

Click here to take the quiz!

General Stats

  • This quiz has been taken 3,223 times
  • The average score is 14 of 20

Answer Stats

Answer% Correct
4. And I'll be gone, gone tonight. The fire beneath my feet is burning bright.Story Of My Life
93%
2. So tell me girl if everytime we to-o-ouch.Kiss You
90%
11. The dimples in your back at the bottom of your spine, but I love them endlessly.Little Things
89%
3. I said " Can you give it back to me?"Best Song Ever
89%
6. You keep making me weak. Yeah, frozen and can't breathe.One Thing
87%
7. To prove I'm right, I put it in a so-o-ong.What Makes You Beautiful
86%
5. We're only getting older baby. And I've been thinking about it lately.Night Changes
85%
14. They don't know about the things we do. They don't know about the I love you's.They Don't Know About Us
81%
1. She knows, she knows that I never let her down before.Steal My Girl
81%
16. Do you remember summer '09?Rock Me
79%
13. Come on and let me sneak you out. Let's have a celebration, a celebration.Live While We're Young
75%
8. Don't look back. baby follow me.Midnight Memories
64%
10. 'Cause I'm the foolish one that you anointed.Gotta Be You
62%
9. We don't wanna be like them. We can make it 'til the end.You & I
62%
18. Believe me, I, I used them both.18
55%
15. 'Cause nobody saves me baby the way you do.Fireproof
51%
17. And I don't care, it's obvious. I just can't get enough of ya.No Control
47%
20. Baby, you don't have to worry. I'll be coming...Back For You
41%
12. I wanna hold you, wanna hold you inside.One Way Or Another
25%
19. I can't wait to fall in love with you. You can't wait to fall in love with me.Summer Love
15%

Score Distribution

Percentile by Number Answered

Percent of People with Each Score

Your Score History

You have not taken this quiz